La edad de oro / (Registro nro. 11072)

Detalles MARC
000 -LIDER
fixed length control field 01956nam a2200313 a 4500
001 - NÚMERO DE CONTROL
Identificador de número de control 000000434
003 - IDENTIFICACDOR DE NÚMERO DE CONTROL
control field DO-SdBNP
005 - DATE AND TIME OF LATEST TRANSACTION
control field 20220708103228.0
007 - CAMPOS FIJOS DE DESCRIPCIÓN FÍSICA
fixed length control field 000000434
008 - ELEMENTOS DE LONGITUD FIJA
fixed length control field 081124s2002 cu a 001 0 spa d
020 ## - ISBN
International Standard Book Number 9590807704
040 ## - FUENTE DE CATALOGACIÓN
Agencia que crea de manera original el registro BPMSU
Idioma de catalogación spa
Agencia que realiza la transcripción BPMSU
082 ## - NÚMERO DE CLASIFICACIÓN DECIMAL DE DEWEY
Classification number Cu863.2
Item number M378e 2005
Edition number 22
100 1# - ASIENTO PRINCIPAL -- NOMBRE PERSONAL
Nombre personal Martí, José,
Fechas asociadas con el nombre 1853-1895
245 13 - MENCIÓN DE TITULO
Título La edad de oro /
Mención de responsabilidad José Martí.
250 ## - MENCIÓN DE EDICION
Mención de edición 9 ed.
260 ## - PUBLICACIÓN, DISTRIBUCIÓN, ETC. (PIE DE IMPRENTA)
Lugar de publicación, distribución, etc La Habana, Cuba :
Nombre del editor, distribuidor, etc. Gente Nueva,
Fecha de publicación, distribución, etc 2005.
300 ## - DESCRIPCIÓN FÍSICA
Extensión 267 p. :
Otros detalles físicos il. ;
Dimensiones 20 cm.
490 1# - MENCIÓN DE SERIES
Mención de serie Biblioteca Escolar
500 ## - NOTA GENERAL
Nota general "Este libro está formado con los cuatro números de la revista La edad de oro, que Martí escribió para los niños de América. La revista se publicó en Nueva York, en los meses de julio, agosto, septiembre y octubre del año 1889. Los grabados son reproducción de los originales de la revista."
505 0# - NOTA DE CONTENIDO
Información miscelánea Primer número.
Título A los niños que lean La Edad de Oro --
-- Tres héroes --
-- Dos milagros --
-- Meñique --
-- Cada uno a su oficio --
-- La Ilíada, de Homero --
-- Un juego nuevo y otros viejos --
-- Bebé y el señor Don Pomposo --
-- La última página --
Información miscelánea Segundo número.
Título La historia del hombre contada por sus casas --
-- Los dos príncipes --
-- Nené traviesa --
-- La perla de la mora --
-- Las ruinas indias --
-- Músicos, poetas y pintores --
-- La última página --
Información miscelánea Tercer número.
Título La exposición de París --
-- El camarón encantado --
-- El padre las Casas --
-- Los zapaticos de rosa --
-- La última página --
Información miscelánea Cuarto número.
Título Un paseo por la tierra de los anamitas --
-- Historia de la cuchara y el tenedor --
-- La muñeca negra --
-- Cuentos de elefantes --
-- Los dos ruiseñores --
-- La galería de las máquinas --
-- La última página.
650 #4 - ENCABEZAMIENTO DE MATERIA--TEMÁTICO
Término temático o nombre geográfico como elemento de entrada Cuentos juveniles cubanos
650 #4 - ENCABEZAMIENTO DE MATERIA--TEMÁTICO
Término temático o nombre geográfico como elemento de entrada Libros de lectura para jóvenes
650 #4 - ENCABEZAMIENTO DE MATERIA--TEMÁTICO
Término temático o nombre geográfico como elemento de entrada Fábulas
Subdivisión de forma Colecciones.
650 #4 - ENCABEZAMIENTO DE MATERIA--TEMÁTICO
Término temático o nombre geográfico como elemento de entrada Literatura juvenil cubana
830 #0 - ASIENTO SECUNDARIO DE SERIE--TÍTULO UNIFORME
Título uniforme Biblioteca Escolar
910 ## - VALIDACIÓN
Validación VMateo V
942 ## - ADDED ENTRY ELEMENTS (KOHA)
Source of classification or shelving scheme Dewey Decimal Classification
Koha item type Libros
Existencias
Withdrawn status Lost status Source of classification or shelving scheme Damaged status Not for loan Collection code Home library Current library Date acquired Source of acquisition Full call number Barcode Date last seen Price effective from Koha item type
    Dewey Decimal Classification     Colección General Biblioteca Pública Metropolitana Salomé Ureña Biblioteca Pública Metropolitana Salomé Ureña 08/02/2016 Compra BPMSU CG Cu863.2 M378e 2005 BPMSU16080016 08/02/2016 08/02/2016 Libros